A Catalogue of mass ejections observed by the solar maximum mission coronograph (Record no. 18686)

MARC details
000 -LEADER
fixed length control field 00510nam a2200169Ia 4500
003 - CONTROL NUMBER IDENTIFIER
control field IN-BaIIA
008 - FIXED-LENGTH DATA ELEMENTS--GENERAL INFORMATION
fixed length control field 211028s9999 xx 000 0 eng d
040 ## - CATALOGING SOURCE
Transcribing agency IIA Library
080 ## - UNIVERSAL DECIMAL CLASSIFICATION NUMBER
Universal Decimal Classification number 523.947
Item number BUR
100 ## - MAIN ENTRY--PERSONAL NAME
Personal name Burkepile, J. T
9 (RLIN) 35770
245 #2 - TITLE STATEMENT
Title A Catalogue of mass ejections observed by the solar maximum mission coronograph
Statement of responsibility, etc. J. T. Burkepile and O. C. Cyr
260 ## - PUBLICATION, DISTRIBUTION, ETC.
Place of publication, distribution, etc. Boulder
Name of publisher, distributor, etc. High Altitude Observatory
Date of publication, distribution, etc. 1990
300 ## - PHYSICAL DESCRIPTION
Extent 118p.
650 ## - SUBJECT ADDED ENTRY--TOPICAL TERM
Topical term or geographic name entry element Solar
9 (RLIN) 910
700 ## - ADDED ENTRY--PERSONAL NAME
Personal name Cyr, O. C
9 (RLIN) 35771
942 ## - ADDED ENTRY ELEMENTS (KOHA)
Koha item type Books
Holdings
Withdrawn status Lost status Damaged status Not for loan Home library Current library Shelving location Date acquired Total Checkouts Full call number Barcode Date last seen Price effective from Koha item type
        IIA Library-Bangalore IIA Library-Kodaikanal General Stacks 07/05/2013   523.947/ BUR 19608 05/11/2021 07/05/2013 Books

Powered by Koha